Christmas Movie Lines - Statistics

General Stats
  • This quiz has been taken 3 times
  • The average score is 3 of 18
Answer Stats
Hint Answer % Correct
I'm gonna kill that kid! Home Alone
100%
But I hadn't said fudge. I had said the big one. The mother of all curse words. A Christmas Story
50%
Are you kidding? He's the worst dad in the whole world. Elf
50%
Hate, hate, hate, double hate--LOATHE ENTIRELY! How The Grinch Stole Christmas!
50%
And it goes for you too! It's A Wonderful Life
50%
Oh, why does everything I touch get ruined?! A Charlie Brown Christmas
0%
They also said it was impossible to teach women how to read. Arthur Christmas
0%
Happy Birthday! Frosty the Snowman
0%
Use. Interesting choice of word. Klaus
0%
I had him buried at sea! Mickey's Christmas Carol
0%
Drive you out to the middle of nowhere and leave you for dead? National Lampoon's Christmas Vacation
0%
The fruitcake! It's a Christmas miracle! Olaf's Frozen Adventure
0%
Good afternoon! Spirited
0%
I'm sorry, I don't speak ridiculous! The Grinch
0%
Young man, that is not a toy. Take your seats, please, take your seats. The Polar Express
0%
I sleep naked, buck naked! The Santa Clause
0%
Hello, Principal Newman. The Santa Clause 2
0%
Welcome to Canada! Ehhh? The Santa Clause 3
0%
No matching quizzes found
Score Distribution
Percent of People with Each Score
Percentile by Number Answered
Your Score History
You have not taken this quiz